000 00451nam a2200157 4500
005 20251210062517.0
999 _c7524
_d7524
008 170929b xxu||||| |||| 00| 0 eng d
022 _a01181831
082 _aDPer 613.05 H34 Jul-Nov 2013
245 _aGetting anxiety under control.
260 _aPhilippines:
_bMIMS Pte Ltd KDN,
_c©2013.
300 _apage 66:
_billustrations;
_c28 cm.
500 _aHealth today.
650 0 _aAnxiety.
_922811
942 _2ddc
_cPER